Tribhuvan University Central Library
Normal view MARC view
  • Two party systems

Entry Topical Term

Number of records used in: 2

001 - CONTROL NUMBER

  • control field: 3089

003 - CONTROL NUMBER IDENTIFIER

  • control field: OSt

005 - DATE AND TIME OF LATEST TRANSACTION

  • control field: 20101206145346.0

008 - FIXED-LENGTH DATA ELEMENTS

  • fixed length control field: 101206|||a|||||| | ||| d

040 ## - CATALOGING SOURCE

  • Original cataloging agency: OSt
  • Transcribing agency: OSt

150 ## - HEADING--TOPICAL TERM

  • Topical term or geographic name as entry element: Two party systems

670 ## - SOURCE DATA FOUND

  • Source citation: Work cat.: (OSt): McDonald, Ronald H., 1935 3085, Party politics and elections in Latin America /, 1989

670 ## - SOURCE DATA FOUND

  • Source citation: Work cat.: (OSt): McDonald, Ronald H., 1935 3085, Party politics and elections in Latin America /, 1989